Mostly Random Chain Game Quiz Stats

 Plays Quiz not verified by Sporcle

Score 0/26 Timer 06:00
0 Plays Today
Hint Answer % Correct
Fat cartoon cat; or, last name of 20th U.S. pres.Garfield
94.3%
2nd largest city in the United StatesLos Angeles
91.2%
Country with capital at BaghdadIraq
86.2%
2 word nickname for AustraliaDown Under
85.5%
One might show a broken boneX-ray
85.5%
Swiss company known for its expensive watchesRolex
84.9%
___ MahalTaj
79.2%
To disappear/become invisible, from Latin 'vanus' meaning emptyvanish
75.5%
4-letter acronym for a prominent 12-country oil cartelOPEC
70.4%
Mineral that is 7 on the Mohs scalequartz
69.8%
Another word for the mandiblejaw
68.6%
Former name of the Democratic Republic of CongoZaire
67.9%
1942 Oscar winning film starting Bogart & BergmanCasablanca
66.7%
Hint Answer % Correct
Element #99, named for a German-Swiss-American scientistEinsteinium
66%
To maintain possession; or, the strong point of a castlekeep
66%
Type of 'cocktail'/improvised incendiary weaponMolotov
65.4%
Mascot of North Carolina (N.C.) State; or, a group of wild caninesWolfpack
59.7%
Capital of KenyaNairobi
59.1%
Not Gummo, Zeppo, Chico, or GrouchoHarpo
57.9%
First name of athletes Pujols and HaynesworthAlbert
57.9%
Former 49ers QB and Super Bowl XXIX MVP (first and last name)Steve Young
54.7%
Type of 'Four' the Beatles wereFab
53.5%
Mountain range dividing European and Asian RussiaUral
53.5%
It can be mathematic, alcoholic, or legalproof
36.5%
Capital of ArmeniaYerevan
32.7%
Capital of AzerbaijanBaku
29.6%

You're not logged in!

Compare scores with friends on all Sporcle quizzes.
OR
Log In

Show Comments

Extras

Created Dec 8, 2010ReportNominate
Tags:Letter Quiz, item, last, place

Top Quizzes Today


Score Distribution

Your Account Isn't Verified!

In order to create a playlist on Sporcle, you need to verify the email address you used during registration. Go to your Sporcle Settings to finish the process.

Report this User

Report this user for behavior that violates our Community Guidelines.

Details: